<?xml version="1.0" encoding="UTF-8"?>
<collection xmlns="http://www.loc.gov/MARC21/slim">
 <record>
  <leader>01453nam a2200289 a 4500</leader>
  <controlfield tag="001">009737712-0</controlfield>
  <controlfield tag="005">20050816160555.0</controlfield>
  <controlfield tag="008">090708s1997    ne ae    bm   000 0 eng d</controlfield>
  <datafield tag="020" ind1=" " ind2=" ">
   <subfield code="a">9052692262</subfield>
  </datafield>
  <datafield tag="040" ind1=" " ind2=" ">
   <subfield code="a">YUS </subfield>
   <subfield code="c">YUS </subfield>
   <subfield code="d">OCLCQ</subfield>
  </datafield>
  <datafield tag="082" ind1="0" ind2="0">
   <subfield code="a">729.32</subfield>
   <subfield code="2">21</subfield>
  </datafield>
  <datafield tag="100" ind1="1" ind2=" ">
   <subfield code="a">Bilodeau, Denis.</subfield>
  </datafield>
  <datafield tag="245" ind1="1" ind2="0">
   <subfield code="a">Precedents and design thinking in an age of relativization : </subfield>
   <subfield code="b">the transformations of the normative discourse on the orders of architecture in France between 1650 and 1793 / </subfield>
   <subfield code="c">door Denis Bilodeau.</subfield>
  </datafield>
  <datafield tag="246" ind1="3" ind2="0">
   <subfield code="a">Transformations of the normative discourse on the orders of architecture in France between 1650 and 1793</subfield>
  </datafield>
  <datafield tag="260" ind1=" " ind2=" ">
   <subfield code="a">Delft : |b Publikatieburo Bouwkunde, Faculty of Architecture Delft University of Technology, </subfield>
   <subfield code="c">c1997.</subfield>
  </datafield>
  <datafield tag="300" ind1=" " ind2=" ">
   <subfield code="a">xiii, 319 p. : </subfield>
   <subfield code="b">ill., plan ; </subfield>
   <subfield code="c">24 cm.</subfield>
  </datafield>
  <datafield tag="546" ind1=" " ind2=" ">
   <subfield code="a">In English; summaries in English and Dutch.</subfield>
  </datafield>
  <datafield tag="502" ind1=" " ind2=" ">
   <subfield code="a">Thesis (doctoral)--Technische Universiteit Delft, 1997.</subfield>
  </datafield>
  <datafield tag="541" ind1="1" ind2=" ">
   <subfield code="e">00010345</subfield>
  </datafield>
  <datafield tag="650" ind1="0" ind2=" ">
   <subfield code="a">Architecture </subfield>
   <subfield code="x">Orders.</subfield>
  </datafield>
  <datafield tag="650" ind1="0" ind2=" ">
   <subfield code="a">Architecture </subfield>
   <subfield code="z">France </subfield>
   <subfield code="y">17th century.</subfield>
  </datafield>
  <datafield tag="650" ind1="0" ind2=" ">
   <subfield code="a">Architecture </subfield>
   <subfield code="z"> France </subfield>
   <subfield code="y"> 18th century.</subfield>
  </datafield>
  <datafield tag="650" ind1="0" ind2=" ">
   <subfield code="a">Aesthetics, French </subfield>
   <subfield code="y"> 17th century.</subfield>
  </datafield>
  <datafield tag="650" ind1="0" ind2=" ">
   <subfield code="a">Aesthetics, French </subfield>
   <subfield code="y"> 18th century.</subfield>
  </datafield>
  <datafield tag="852" ind1="4" ind2=" ">
   <subfield code="a">Ayesha Abed Library </subfield>
   <subfield code="j">General Shelf.</subfield>
  </datafield>
  <datafield tag="999" ind1=" " ind2=" ">
   <subfield code="c">2173</subfield>
   <subfield code="d">2173</subfield>
  </datafield>
  <datafield tag="952" ind1=" " ind2=" ">
   <subfield code="0">0</subfield>
   <subfield code="1">0</subfield>
   <subfield code="2">ddc</subfield>
   <subfield code="4">0</subfield>
   <subfield code="6">729_320000000000000_BIL</subfield>
   <subfield code="7">0</subfield>
   <subfield code="9">2003</subfield>
   <subfield code="a">BRACUL</subfield>
   <subfield code="b">BRACUL</subfield>
   <subfield code="c">GEN</subfield>
   <subfield code="d">2009-07-08</subfield>
   <subfield code="g">0.00</subfield>
   <subfield code="l">0</subfield>
   <subfield code="o">729.32 BIL</subfield>
   <subfield code="p">3010010345</subfield>
   <subfield code="r">2009-07-08</subfield>
   <subfield code="t">1</subfield>
   <subfield code="w">2009-07-08</subfield>
   <subfield code="y">BK</subfield>
   <subfield code="x">No price found in the accession register.</subfield>
  </datafield>
 </record>
</collection>
